Stavebná logistika: Optimálne riadenie zníži náklady
Logistika náročne manipulovateľných materiálov, ktoré musia byť dodané na staveniská v presnom časovom harmonograme. Každá stavba je unikátna. Využívanie najmä cestnej dopravy. Dôraz na správne načasovanie. Účelný logistický koncept.
Na minha lista:
| Autor principal: | |
|---|---|
| Formato: | Capítulo de Livro |
| Idioma: | eslovaco |
| Assuntos: | |
| Tags: |
Sem tags, seja o primeiro a adicionar uma tag!
|
MARC
| LEADER | 00000naa a2200000 4500 | ||
|---|---|---|---|
| 001 | 0238419 | ||
| 005 | 20180103102157.3 | ||
| 041 | 0 | |a slo | |
| 044 | |a CZ | ||
| 245 | 1 | 0 | |a Stavebná logistika: Optimálne riadenie zníži náklady |c Jozef Brezovský |
| 520 | |a Logistika náročne manipulovateľných materiálov, ktoré musia byť dodané na staveniská v presnom časovom harmonograme. Každá stavba je unikátna. Využívanie najmä cestnej dopravy. Dôraz na správne načasovanie. Účelný logistický koncept. | ||
| 610 | 2 | 0 | |a logistika |
| 610 | 2 | 0 | |a preprava |
| 610 | 2 | 0 | |a doprava cestná nákladná |
| 610 | 2 | 0 | |a stavebníctvo |
| 610 | 2 | 0 | |a stavby |
| 610 | 2 | 0 | |a koordinácia |
| 610 | 2 | 0 | |a zásobovanie |
| 100 | 1 | |a Brezovský, Jozef | |